[Event "Campeonato de España por Equip"]
[Site "Burguillos"]
[Date "2009.08.05"]
[Round "1"]
[White "Cramling, Pia"]
[Black "Scavo, Fernando"]
[Result "1-0"]
[WhiteElo "2525"]
[BlackElo "2239"]
[PlyCount "67"]
[EventDate "2009.08.05"]
[EventType "team"]
[EventRounds "6"]
[EventCountry "ESP"]
[WhiteTeam "C.A. LAURUS RONDA"]
[BlackTeam "C.D. CRUZ ROJA LINARES"]

1. d4 e6 2. c4 Nf6 3. Nf3 b6 4. a3 Ba6 5. Qb3 d5 6. cxd5 exd5 7. Nc3 Be7 8. Bg5
c6 9. g3 O-O 10. Bg2 Re8 11. Bxf6 Bxf6 12. Rd1 Qd6 13. O-O Nd7 14. Rfe1 Rad8
15. e4 dxe4 16. Rxe4 Bc8 17. Rde1 Rf8 18. Rf4 Qc7 19. h4 h6 20. Qc2 c5 21. Nd5
Qd6 22. Nd2 Bxd4 23. Nc4 Qb8 24. Ne7+ Kh8 25. Nc6 Qc7 26. Re7 Rde8 27. Qe2 Rxe7
28. Qxe7 Bf6 29. Rxf6 gxf6 30. Nd6 Bb7 31. Nxb7 Qxb7 32. Ne5 Qc7 33. Nxd7 Rd8
34. Bh3 1-0

[Event "Campeonato de España por Equip"]
[Site "Burguillos"]
[Date "2009.08.05"]
[Round "1"]
[White "Ruiz Sanchez, Miguel Angel"]
[Black "Campora, Daniel H"]
[Result "0-1"]
[WhiteElo "2211"]
[BlackElo "2492"]
[PlyCount "112"]
[EventDate "2009.08.05"]
[EventType "team"]
[EventRounds "6"]
[EventCountry "ESP"]
[WhiteTeam "C.D. CRUZ ROJA LINARES"]
[BlackTeam "C.A. LAURUS RONDA"]

1. d4 Nf6 2. Bf4 d5 3. e3 c5 4. c3 Nc6 5. Nf3 Bg4 6. Be2 e6 7. Nbd2 Be7 8. O-O
O-O 9. Ne5 Bxe2 10. Qxe2 Qb6 11. Rab1 Nxe5 12. dxe5 Nd7 13. c4 Qa6 14. Rfd1
Rad8 15. a3 Kh8 16. Qh5 f6 17. cxd5 fxe5 18. d6 Bf6 19. Bg3 Qxd6 20. Nf3 Qe7
21. Bxe5 Nxe5 22. Nxe5 Kg8 23. Nd3 Rd5 24. Qe2 Rfd8 25. e4 Rd4 26. e5 Bg5 27.
Ne1 R4d7 28. Nf3 Bh6 29. g3 b6 30. Kg2 g6 31. h4 b5 32. Nh2 Bg7 33. h5 gxh5 34.
Qxh5 c4 35. Rh1 Qf7 36. Ng4 Qxh5 37. Rxh5 Rd1 38. Rxd1 Rxd1 39. Nf6+ Kf7 40.
Rxh7 Kg6 41. Rh4 Bxf6 42. exf6 Kxf6 43. Rh6+ Ke7 44. Rh7+ Kd6 45. Rxa7 Rb1 46.
Kf3 Rxb2 47. Ke3 Rb3+ 48. Ke4 Rb1 49. g4 Re1+ 50. Kd4 Rd1+ 51. Ke4 c3 52. Ra6+
Kc7 53. Ra7+ Kb6 54. Ra8 Kb7 55. Ra5 Rd5 56. a4 c2 0-1

[Event "Campeonato de España por Equip"]
[Site "Burguillos"]
[Date "2009.08.05"]
[Round "1"]
[White "Perez Pardo, Juan Carlos"]
[Black "Rios Del Moral, Neftali"]
[Result "1-0"]
[WhiteElo "2280"]
[BlackElo "2158"]
[PlyCount "89"]
[EventDate "2009.08.05"]
[EventType "team"]
[EventRounds "6"]
[EventCountry "ESP"]
[WhiteTeam "C.A. LAURUS RONDA"]
[BlackTeam "C.D. CRUZ ROJA LINARES"]

1. d4 d5 2. Nf3 c6 3. c4 e6 4. Qc2 Be7 5. g3 f5 6. Bg2 Nf6 7. O-O O-O 8. b3 Ne4
9. Ba3 Nd7 10. Bxe7 Qxe7 11. Nc3 a5 12. a3 Nd6 13. Na4 g6 14. Nb2 Nf7 15. Nd3
dxc4 16. Qxc4 Qd6 17. Rfd1 Nb6 18. Qc2 Qe7 19. Nfe5 Nd5 20. Nxf7 Qxf7 21. Ne5
Qf6 22. Bxd5 exd5 23. f4 Qe7 24. Kf2 Be6 25. Qc5 Qxc5 26. dxc5 Rfd8 27. b4 Kf8
28. Ke3 Ra6 29. b5 cxb5 30. Rab1 b4 31. axb4 axb4 32. Rxb4 Bc8 33. Rd2 Ra7 34.
Kd4 Bd7 35. Nxd7+ Rxd7 36. Ke5 Re7+ 37. Kf6 Rf7+ 38. Kg5 Rd7 39. Rbd4 Ra5 40.
Rxd5 Rxd5 41. Rxd5 b6 42. Kf6 Ke8 43. Re5+ Kd7 44. cxb6 Ra8 45. b7 1-0

[Event "Campeonato de España por Equip"]
[Site "Burguillos"]
[Date "2009.08.05"]
[Round "1"]
[White "Orihuela Lillo, Jose Manuel"]
[Black "Lopez Gonzalez, Daniel"]
[Result "0-1"]
[WhiteElo "1993"]
[BlackElo "2195"]
[PlyCount "56"]
[EventDate "2009.08.05"]
[EventType "team"]
[EventRounds "6"]
[EventCountry "ESP"]
[WhiteTeam "C.D. CRUZ ROJA LINARES"]
[BlackTeam "C.A. LAURUS RONDA"]

1. e4 e5 2. Nf3 Nc6 3. d4 exd4 4. Nxd4 Bb4+ 5. Bd2 Bxd2+ 6. Qxd2 Qf6 7. c3 Nge7
8. Nxc6 dxc6 9. Bc4 Bd7 10. O-O O-O-O 11. Qe3 Kb8 12. f4 Rhe8 13. Qf2 Nc8 14.
Nd2 Qe7 15. Rfe1 Be6 16. Bb3 Nb6 17. Bc2 f6 18. b3 Nd7 19. Re2 g5 20. f5 Bf7
21. g4 h5 22. h3 hxg4 23. hxg4 Ne5 24. Qg3 Rh8 25. Nf3 Qc5+ 26. Nd4 Rxd4 27.
cxd4 Qxd4+ 28. Qe3 Qxa1+ 0-1

[Event "Campeonato de España por Equip"]
[Site "Burguillos"]
[Date "2009.08.05"]
[Round "1"]
[White "Perez Garcia, Roberto"]
[Black "Carlsson, Pontus"]
[Result "0-1"]
[WhiteElo "2151"]
[BlackElo "2494"]
[PlyCount "46"]
[EventDate "2009.08.05"]
[EventType "team"]
[EventRounds "6"]
[EventCountry "ESP"]
[WhiteTeam "C.A. ALEKHINE ESPARTINAS"]
[BlackTeam "C.D.E. ALMAGRO"]

1. e4 c5 2. Nf3 d6 3. d4 cxd4 4. Nxd4 Nf6 5. Nc3 a6 6. Be3 e5 7. Nb3 Be6 8. f3
Be7 9. Qd2 O-O 10. O-O-O a5 11. Qe1 Qc8 12. a4 Nc6 13. g4 Nb4 14. Kb1 Qc7 15.
Qf2 d5 16. Bb6 Qc8 17. Bc5 Bxc5 18. Nxc5 d4 19. g5 Qxc5 20. gxf6 Rac8 21. Rg1
g6 22. Nd5 Bxd5 23. exd5 Qxd5 0-1

[Event "Campeonato de España por Equip"]
[Site "Burguillos"]
[Date "2009.08.05"]
[Round "1"]
[White "Garcia Moral Garcia, Jose Danie"]
[Black "Torres Ventosa, Pedro Eugenio"]
[Result "1-0"]
[WhiteElo "2326"]
[BlackElo "2135"]
[PlyCount "93"]
[EventDate "2009.08.05"]
[EventType "team"]
[EventRounds "6"]
[EventCountry "ESP"]
[WhiteTeam "C.D.E. ALMAGRO"]
[BlackTeam "C.A. ALEKHINE ESPARTINAS"]

1. e4 d6 2. d4 Nf6 3. f3 e5 4. d5 Be7 5. c4 O-O 6. Be3 Ne8 7. Qd2 f5 8. exf5
Bxf5 9. Nc3 c6 10. Nge2 Na6 11. Ng3 Bg6 12. Be2 Nb4 13. Rc1 Nf6 14. a3 Na6 15.
Bd3 Bf7 16. O-O Nc7 17. Be4 cxd5 18. cxd5 Nxe4 19. fxe4 Bg6 20. Nf5 Bxf5 21.
exf5 Qd7 22. Qd3 Ne8 23. Qb5 Qxb5 24. Nxb5 a6 25. Nc7 Rc8 26. Ne6 Rxc1 27. Rxc1
Nf6 28. Nxf8 Nxd5 29. Ne6 Nxe3 30. Rc7 Kf7 31. Rxb7 Nxf5 32. Nc7 Bg5 33. Nxa6+
Ke6 34. Nb4 e4 35. Kf1 Bf6 36. a4 Ne3+ 37. Ke2 Nc4 38. Nc6 d5 39. b3 Nd6 40. a5
d4 41. a6 d3+ 42. Kf2 Nf5 43. a7 e3+ 44. Kf3 e2 45. a8=Q Nd6 46. Qg8+ Kf5 47.
Qd5+ 1-0

[Event "Campeonato de España por Equip"]
[Site "Burguillos"]
[Date "2009.08.05"]
[Round "1"]
[White "Ramirez Diaz, Jose Ramon"]
[Black "Alshameary Puente, Ismael"]
[Result "1-0"]
[WhiteElo "2156"]
[BlackElo "1992"]
[PlyCount "73"]
[EventDate "2009.08.05"]
[EventType "team"]
[EventRounds "6"]
[EventCountry "ESP"]
[WhiteTeam "C.D.E. ALMAGRO"]
[BlackTeam "C.A. ALEKHINE ESPARTINAS"]

1. e4 c5 2. Nf3 d6 3. d4 cxd4 4. Nxd4 Nf6 5. Nc3 g6 6. Be3 Bg7 7. f3 O-O 8. Qd2
Nc6 9. O-O-O d5 10. exd5 Nxd5 11. Nxc6 bxc6 12. Bd4 e5 13. Bc5 Qa5 14. Bxf8
Kxf8 15. Nxd5 Qxd2+ 16. Rxd2 cxd5 17. Rxd5 Be6 18. Ra5 Rb8 19. Rxa7 e4 20. fxe4
Rxb2 21. Bd3 Bxa2 22. Kd2 Bh6+ 23. Ke2 Be6 24. h3 Bf4 25. Rha1 h5 26. R7a5 Ke7
27. Rb5 Rxb5 28. Bxb5 Kd6 29. Ra7 g5 30. Be8 f5 31. Bxh5 fxe4 32. Ra4 Ke5 33.
c3 Bc1 34. Bg6 Bd5 35. g3 Bb2 36. Kd2 Bb3 37. Rxe4+ 1-0

[Event "Campeonato de España por Equip"]
[Site "Burguillos"]
[Date "2009.08.05"]
[Round "1"]
[White "Ortiz Suarez, Isan Reynaldo"]
[Black "Jimenez De La Torre, Jose A"]
[Result "1-0"]
[WhiteElo "2504"]
[BlackElo "2178"]
[PlyCount "79"]
[EventDate "2009.08.05"]
[EventType "team"]
[EventRounds "6"]
[EventCountry "ESP"]
[WhiteTeam "C.A. SILLA"]
[BlackTeam "C.D. REINA BRILLANTE"]

1. d4 Nf6 2. c4 g6 3. Nc3 d5 4. Nf3 Bg7 5. Qb3 dxc4 6. Qxc4 Nbd7 7. e4 Nb6 8.
Qb3 O-O 9. Be2 Bg4 10. Be3 c6 11. O-O Be6 12. Qc2 Ng4 13. Bf4 Bc4 14. Bxc4 Nxc4
15. Qb3 b5 16. h3 Nf6 17. a4 a6 18. Rfd1 e6 19. Qc2 Nd7 20. b3 Na5 21. Ra2 b4
22. Ne2 Qe7 23. Bc7 Nb7 24. Qxc6 Ra7 25. Bf4 Na5 26. Qd6 Qxd6 27. Bxd6 Nxb3 28.
Bxf8 Bxf8 29. a5 e5 30. Nxe5 Nxe5 31. dxe5 Nc5 32. Rd8 Nxe4 33. Rc2 Kg7 34. Rc4
Ng5 35. Nd4 Be7 36. Rdc8 Rb7 37. R8c7 Rxc7 38. Rxc7 Bd8 39. Rb7 Bxa5 40. Nc6
1-0

[Event "Campeonato de España por Equip"]
[Site "Burguillos"]
[Date "2009.08.05"]
[Round "1"]
[White "Campos Parejo, Antonio"]
[Black "Dolezal, Cristian"]
[Result "0-1"]
[WhiteElo "2141"]
[BlackElo "2391"]
[PlyCount "108"]
[EventDate "2009.08.05"]
[EventType "team"]
[EventRounds "6"]
[EventCountry "ESP"]
[WhiteTeam "C.D. REINA BRILLANTE"]
[BlackTeam "C.A. SILLA"]

1. d4 c5 2. e3 g6 3. Nf3 Bg7 4. Be2 d6 5. O-O Nd7 6. Nc3 Ngf6 7. e4 cxd4 8.
Nxd4 Nc5 9. Bf3 O-O 10. Be3 Nfd7 11. Be2 a6 12. f4 e5 13. Nb3 exf4 14. Bxf4
Nxb3 15. axb3 Ne5 16. Qd2 Be6 17. Rad1 Nc6 18. Qxd6 Nd4 19. Bd3 Rc8 20. Qxd8
Rfxd8 21. Bg5 Rd7 22. Bf6 Bxf6 23. Rxf6 Rcd8 24. Rff1 Nxb3 25. cxb3 Rxd3 26.
Rxd3 Rxd3 27. b4 Rd4 28. b5 axb5 29. Rd1 Rb4 30. Rd2 Kg7 31. Kf2 Kf6 32. Nd5+
Bxd5 33. exd5 Ke7 34. d6+ Kd7 35. Ke3 f5 36. Kd3 Rc4 37. b3 Rc6 38. Re2 Rxd6+
39. Kc3 Re6 40. Rd2+ Kc6 41. Kb4 Re4+ 42. Ka5 b6+ 43. Ka6 Rb4 44. Rc2+ Kd5 45.
Rc3 Rh4 46. Kxb5 Rxh2 47. Kxb6 Rxg2 48. b4 Rb2 49. b5 f4 50. Rc7 f3 51. Rxh7 f2
52. Rf7 g5 53. Ka7 g4 54. b6 g3 0-1

[Event "Campeonato de España por Equip"]
[Site "Burguillos"]
[Date "2009.08.05"]
[Round "1"]
[White "Valmana Canto, Jaime"]
[Black "Diaz Rodriguez, Jose Antonio"]
[Result "1-0"]
[WhiteElo "2348"]
[BlackElo "2124"]
[PlyCount "75"]
[EventDate "2009.08.05"]
[EventType "team"]
[EventRounds "6"]
[EventCountry "ESP"]
[WhiteTeam "C.A. SILLA"]
[BlackTeam "C.D. REINA BRILLANTE"]

1. e4 e6 2. d4 d5 3. Nc3 Nf6 4. e5 Nfd7 5. f4 c5 6. Nf3 Nc6 7. Be3 cxd4 8. Nxd4
Bc5 9. Qd2 a6 10. O-O-O Qc7 11. Qf2 Nxd4 12. Bxd4 b5 13. Bd3 Bb7 14. Ne2 O-O-O
15. Kb1 Kb8 16. Rhe1 Rc8 17. Rc1 Bb4 18. Red1 Qa5 19. Qe3 Rc6 20. f5 Nc5 21. a3
Nxd3 22. cxd3 Rxc1+ 23. Nxc1 Be7 24. fxe6 fxe6 25. Rf1 Rc8 26. Rf7 Qc7 27. Nb3
a5 28. Nc5 b4 29. a4 b3 30. Qd2 Bxc5 31. Rxc7 Rxc7 32. Bxc5 Rxc5 33. d4 Rc2 34.
Qd3 Rc4 35. Qxb3 Rxd4 36. Qb6 Re4 37. Qxe6 d4 38. Qd6+ 1-0

[Event "Campeonato de España por Equip"]
[Site "Burguillos"]
[Date "2009.08.05"]
[Round "1"]
[White "Barrios Munoz, Antonio Oscar"]
[Black "Carbonell Bofill, Carlos Eloy"]
[Result "1-0"]
[WhiteElo "2120"]
[BlackElo "2203"]
[PlyCount "77"]
[EventDate "2009.08.05"]
[EventType "team"]
[EventRounds "6"]
[EventCountry "ESP"]
[WhiteTeam "C.D. REINA BRILLANTE"]
[BlackTeam "C.A. SILLA"]

1. d4 d5 2. Nf3 Nf6 3. g3 c6 4. Bg2 Bf5 5. O-O Qc8 6. c4 Bh3 7. Nc3 Bxg2 8.
Kxg2 dxc4 9. a4 Nbd7 10. e4 e6 11. Qe2 Bb4 12. e5 Nd5 13. Qxc4 a5 14. Ne4 Qc7
15. Bd2 Be7 16. Rfe1 N7b6 17. Qb3 Nb4 18. Bg5 Bf8 19. Nfd2 h6 20. Be3 Qd7 21.
Nc3 Be7 22. Nde4 N6d5 23. Qd1 O-O-O 24. Rc1 f5 25. exf6 gxf6 26. Qe2 f5 27. Nd2
e5 28. Nb3 e4 29. Nxa5 Nd3 30. Nc4 Qe6 31. Nxd5 cxd5 32. Ne5+ Nxc1 33. Rxc1+
Kb8 34. Qb5 Rd6 35. Bf4 Ka8 36. Rc7 Rb8 37. Nd7 Bd8 38. Bxd6 Qxd6 39. Nb6+ 1-0

[Event "Campeonato de España por Equip"]
[Site "Burguillos"]
[Date "2009.08.05"]
[Round "1"]
[White "Romero Sanchez, Jesus"]
[Black "Razmyslov, Alexander"]
[Result "0-1"]
[WhiteElo "2176"]
[BlackElo "2414"]
[PlyCount "72"]
[EventDate "2009.08.05"]
[EventType "team"]
[EventRounds "6"]
[EventCountry "ESP"]
[WhiteTeam "C.A. LA MERCED DE HUELVA"]
[BlackTeam "C.A. CIRCULO MERCANTIL"]

1. Nf3 c5 2. c4 Nc6 3. d4 cxd4 4. Nxd4 g6 5. e4 Bg7 6. Be3 Nf6 7. Nc3 O-O 8.
Be2 d6 9. Qd2 Bd7 10. O-O Nxd4 11. Bxd4 Bc6 12. f3 a5 13. Rab1 Nd7 14. Be3 Nc5
15. b3 Qb6 16. Rfc1 Qb4 17. Rc2 Qa3 18. Bf1 Na6 19. Re1 a4 20. Nxa4 Bxa4 21.
bxa4 Nb4 22. Rcc1 Nxa2 23. Rb1 Bc3 24. Qd5 Nb4 25. Rxb4 Bxe1 26. Bd2 Bxd2 27.
Qxd2 Rxa4 28. Rxb7 Ra7 29. Rb5 Qa1 30. c5 Ra2 31. Qd3 dxc5 32. Rxc5 Rb8 33. Rc2
Ra3 34. Qd2 Rb1 35. Qf2 Re3 36. Re2 Rc3 0-1

[Event "Campeonato de España por Equip"]
[Site "Burguillos"]
[Date "2009.08.05"]
[Round "1"]
[White "Garrido Dominguez, Jesus"]
[Black "Gomez Rebollo, Alfonso Carlos"]
[Result "1/2-1/2"]
[WhiteElo "2333"]
[BlackElo "2163"]
[PlyCount "91"]
[EventDate "2009.08.05"]
[EventType "team"]
[EventRounds "6"]
[EventCountry "ESP"]
[WhiteTeam "C.A. CIRCULO MERCANTIL"]
[BlackTeam "C.A. LA MERCED DE HUELVA"]

1. e4 c5 2. Nf3 d6 3. d4 cxd4 4. Nxd4 Nf6 5. Nc3 g6 6. Bc4 Bg7 7. O-O O-O 8.
Re1 Nc6 9. h3 Qb6 10. Nf3 Bd7 11. Bb3 Na5 12. Bg5 Nxb3 13. Bxf6 Nxa1 14. Nd5
Bxf6 15. Nxb6 axb6 16. Qxa1 Be6 17. a3 b5 18. c3 Rfc8 19. Qd1 Rc5 20. Nd4 Bc4
21. Qg4 Rd8 22. b3 Bd3 23. Ne2 Bxe2 24. Qxe2 Bxc3 25. Rd1 b4 26. axb4 Bxb4 27.
Rd4 Rc1+ 28. Kh2 Bc5 29. Rc4 Rxc4 30. Qxc4 b6 31. f4 e5 32. f5 Kg7 33. b4 Bd4
34. Qc7 Rf8 35. Qxd6 f6 36. fxg6 hxg6 37. g4 g5 38. Kg3 Ra8 39. Qd7+ Kg6 40.
Qf5+ Kg7 41. Qf3 Rc8 42. Qf5 Rc4 43. Kg2 Rc2+ 44. Kf1 Rf2+ 45. Qxf2 Bxf2 46.
Kxf2 1/2-1/2

[Event "Campeonato de España por Equip"]
[Site "Burguillos"]
[Date "2009.08.05"]
[Round "1"]
[White "Rodriguez Perez, Angel Mariano"]
[Black "Reales Murto, Manuel Jose"]
[Result "1/2-1/2"]
[WhiteElo "2053"]
[BlackElo "2303"]
[PlyCount "135"]
[EventDate "2009.08.05"]
[EventType "team"]
[EventRounds "6"]
[EventCountry "ESP"]
[WhiteTeam "C.A. LA MERCED DE HUELVA"]
[BlackTeam "C.A. CIRCULO MERCANTIL"]

1. e4 e6 2. d4 d5 3. exd5 exd5 4. Bf4 Nf6 5. Nc3 Bb4 6. Nge2 Bf5 7. f3 Nbd7 8.
g4 Bg6 9. h4 h5 10. g5 Ng8 11. a3 Bxc3+ 12. Nxc3 c6 13. Qe2+ Qe7 14. O-O-O Qxe2
15. Nxe2 Ne7 16. Bh3 Bf5 17. Bxf5 Nxf5 18. Ng3 Nxg3 19. Bxg3 O-O-O 20. Rde1
Rhe8 21. Kd2 b6 22. Rxe8 Rxe8 23. Re1 Rxe1 24. Kxe1 Nf8 25. Be5 Ng6 26. Bg3 Kd7
27. Ke2 Ke6 28. Ke3 Kf5 29. b3 Nf8 30. c4 Ne6 31. cxd5 cxd5 32. a4 Nf8 33. b4
a6 34. b5 axb5 35. axb5 Ne6 36. Bb8 f6 37. gxf6 Kxf6 38. Ba7 Nc7 39. Bxb6 Nxb5
40. Kf4 Nd6 41. Bd8+ Ke6 42. Bb6 Nf7 43. Bc7 g6 44. Bb6 Kd6 45. Ba7 Kc6 46. Bb8
Kb5 47. Ke3 Kc4 48. Bf4 Nd8 49. Be5 Ne6 50. Bf6 Kc3 51. Be5 Kc2 52. Ke2 Kc1 53.
Bf6 Nf4+ 54. Ke3 Ne6 55. Ke2 Kc2 56. Be5 Kc3 57. Ke3 Kc4 58. Bf6 Kb5 59. Be5
Kc6 60. Bh8 Kd7 61. Be5 Ke7 62. Kf2 Kf8 63. Kg2 Kf7 64. Kg3 Nd8 65. Kf4 Ne6+
66. Kg3 Kg8 67. Kg2 Kf7 68. Kg3 1/2-1/2

[Event "Campeonato de España por Equip"]
[Site "Burguillos"]
[Date "2009.08.05"]
[Round "1"]
[White "Herrera Delgado, Alejandro"]
[Black "Gomez Cerezo, Diego Jesus"]
[Result "1-0"]
[WhiteElo "2297"]
[BlackElo "2052"]
[PlyCount "129"]
[EventDate "2009.08.05"]
[EventType "team"]
[EventRounds "6"]
[EventCountry "ESP"]
[WhiteTeam "C.A. CIRCULO MERCANTIL"]
[BlackTeam "C.A. LA MERCED DE HUELVA"]

1. e4 e5 2. Nf3 Nc6 3. Bb5 a6 4. Ba4 Nf6 5. O-O Be7 6. Re1 b5 7. Bb3 d6 8. c3
O-O 9. h3 Nb8 10. d4 Nbd7 11. Nbd2 Bb7 12. Bc2 c5 13. d5 c4 14. Nf1 Nc5 15. Ng3
Bc8 16. Be3 Qc7 17. b4 cxb3 18. axb3 Bd7 19. Qd2 a5 20. Ra3 Rfb8 21. Rea1 Bd8
22. Bxc5 Qxc5 23. b4 Qc8 24. bxa5 Ra6 25. Bd3 Rba8 26. Qe2 Qc5 27. Rb3 Rxa5 28.
Rab1 Ra2 29. Qf1 Rb8 30. Bxb5 Bxb5 31. Rxb5 Rxb5 32. Rxb5 Qxc3 33. Rb8 Qc7 34.
Qb1 Ra7 35. Nd2 Nd7 36. Rb4 Qc3 37. Qb2 Qxb2 38. Rxb2 g6 39. Nc4 Bc7 40. Nf1
Kf8 41. f3 Nc5 42. Nfd2 Ke7 43. Kf1 Ra1+ 44. Ke2 Rg1 45. Ne3 Ra1 46. Ndc4 Ba5
47. Rb5 Ra2+ 48. Kf1 Bc7 49. Nxe5 Ra1+ 50. Ke2 Na4 51. Nc6+ Kd7 52. Rb3 Ra2+
53. Kf1 Ra1+ 54. Kf2 Nc5 55. Rc3 Bb6 56. Kg3 Ra2 57. Nc4 Bc7 58. N4e5+ dxe5 59.
Rxc5 Kd6 60. Rc4 f5 61. Nb4 Rb2 62. Rc6+ Kd7 63. Nd3 Rd2 64. Nc5+ Kc8 65. Ne6
1-0

[Event "Campeonato de España por Equip"]
[Site "Burguillos"]
[Date "2009.08.05"]
[Round "1"]
[White "Cabrera, Alexis"]
[Black "Borrego Mata, Enrique"]
[Result "1-0"]
[WhiteElo "2527"]
[BlackElo "2168"]
[PlyCount "38"]
[EventDate "2009.08.05"]
[EventType "team"]
[EventRounds "6"]
[EventCountry "ESP"]
[WhiteTeam "C.A. MISLATA"]
[BlackTeam "C.A. CAJAGRANADA (-2)"]

1. e4 c5 2. Nf3 Nc6 3. d4 cxd4 4. Nxd4 Nf6 5. Nc3 d6 6. Bg5 Qb6 7. Nb3 Ng4 8.
Bh4 h6 9. Be2 g5 10. Bxg4 gxh4 11. Bxc8 Rxc8 12. Qg4 e6 13. Qxh4 Nb4 14. O-O
Bg7 15. Rad1 Bxc3 16. bxc3 Nxa2 17. Rd3 Qc7 18. e5 Nxc3 19. exd6 Qd7 1-0

[Event "Campeonato de España por Equip"]
[Site "Burguillos"]
[Date "2009.08.05"]
[Round "1"]
[White "Cabrera Ruiz, Luis"]
[Black "Garcia Roman, Daniel"]
[Result "1/2-1/2"]
[WhiteElo "2168"]
[BlackElo "2464"]
[PlyCount "140"]
[EventDate "2009.08.05"]
[EventType "team"]
[EventRounds "6"]
[EventCountry "ESP"]
[WhiteTeam "C.A. CAJAGRANADA (-2)"]
[BlackTeam "C.A. MISLATA"]

1. e4 c5 2. c4 d6 3. Ne2 Nf6 4. Nbc3 g6 5. d4 Nbd7 6. g3 Bg7 7. Bg2 O-O 8. O-O
a6 9. h3 Rb8 10. Be3 b6 11. Qd2 Bb7 12. Rfe1 Re8 13. Rad1 Ba8 14. b3 h5 15. Nd5
cxd4 16. Bxd4 b5 17. Nxf6+ Bxf6 18. Bxf6 Nxf6 19. Qd4 bxc4 20. Qxc4 Qa5 21. Nf4
Qxa2 22. e5 dxe5 23. Nxg6 Bxg2 24. Kxg2 Qxb3 25. Qxb3 Rxb3 26. Nxe5 Ra8 27. Ra1
e6 28. Re2 h4 29. Rea2 hxg3 30. fxg3 Ne4 31. Nf3 Rc8 32. Re1 f5 33. g4 Rcc3 34.
Rf1 f4 35. Ra4 Rb2+ 36. Kg1 Ng3 37. Rf2 Rcc2 38. Rxc2 Rxc2 39. Rxa6 Re2 40. Nd4
Rd2 41. Nf3 Rd3 42. Ne1 Re3 43. Ng2 Re4 44. Nxf4 Rxf4 45. Rxe6 Kf7 46. Ra6 Ne4
47. Rb6 Rf3 48. Rb4 Re3 49. Kh2 Kf6 50. Rb5 Re2+ 51. Kg1 Ng5 52. Rf5+ Kg6 53.
h4 Ne6 54. h5+ Kh6 55. Kf1 Re4 56. Kf2 Ng5 57. Rf6+ Kh7 58. Kg3 Rc4 59. Ra6
Ne4+ 60. Kh4 Rc1 61. Ra7+ Kg8 62. Ra8+ Kf7 63. Ra3 Rh1+ 64. Rh3 Rg1 65. Rf3+
Ke6 66. h6 Nf6 67. Rf4 Nd5 68. Rf3 Nf6 69. Rf4 Nd5 70. Rf3 Nf6 1/2-1/2

[Event "Campeonato de España por Equip"]
[Site "Burguillos"]
[Date "2009.08.05"]
[Round "1"]
[White "Sanchez Romero, Miquel Angel"]
[Black "Jimenez Bernal, Francisco"]
[Result "1/2-1/2"]
[WhiteElo "2251"]
[BlackElo "2107"]
[PlyCount "45"]
[EventDate "2009.08.05"]
[EventType "team"]
[EventRounds "6"]
[EventCountry "ESP"]
[WhiteTeam "C.A. MISLATA"]
[BlackTeam "C.A. CAJAGRANADA (-2)"]

1. e4 c5 2. Nf3 d6 3. Bb5+ Nd7 4. O-O Ngf6 5. Re1 a6 6. Bf1 b6 7. d4 cxd4 8.
Nxd4 Bb7 9. Nc3 e6 10. g3 Be7 11. Bg2 Qc7 12. f4 O-O 13. Be3 Rfd8 14. Bf2 Bf8
15. Qe2 b5 16. a3 Nc5 17. Rad1 Rac8 18. Rd2 d5 19. e5 Nfe4 20. Nxe4 Nxe4 21.
Bxe4 dxe4 22. Be3 Bd5 23. Red1 1/2-1/2

[Event "Campeonato de España por Equip"]
[Site "Burguillos"]
[Date "2009.08.05"]
[Round "1"]
[White "Cuesta Bustos, Raul"]
[Black "Castro Exposito, Cristobal"]
[Result "1-0"]
[WhiteElo "2076"]
[BlackElo "2027"]
[PlyCount "35"]
[EventDate "2009.08.05"]
[EventType "team"]
[EventRounds "6"]
[EventCountry "ESP"]
[WhiteTeam "C.A. CAJAGRANADA (-2)"]
[BlackTeam "C.A. MISLATA"]

1. e4 e6 2. d4 d5 3. e5 c5 4. c3 Nc6 5. Nf3 Qb6 6. a3 c4 7. Be2 Bd7 8. Nbd2 Be7
9. Rb1 Nh6 10. O-O O-O 11. b3 cxb3 12. Nxb3 Nf5 13. g4 Nh4 14. Nxh4 Bxh4 15.
Bd3 Na5 16. Nc5 Qc7 17. g5 h6 18. Qh5 1-0

[Event "Campeonato de España por Equip"]
[Site "Burguillos"]
[Date "2009.08.05"]
[Round "1"]
[White "Jimenez Martinez, Jose Vicente"]
[Black "Valles Moreno, Ivan"]
[Result "0-1"]
[WhiteElo "2235"]
[BlackElo "2428"]
[PlyCount "64"]
[EventDate "2009.08.05"]
[EventType "team"]
[EventRounds "6"]
[EventCountry "ESP"]
[WhiteTeam "C.D. AJEDREZ LAPUERTA"]
[BlackTeam "C.A. AMIGOS DEL RETIRO"]

1. d4 Nf6 2. c4 g6 3. Nc3 Bg7 4. e4 d6 5. f3 O-O 6. Be3 b6 7. Qd2 c5 8. d5 e6
9. O-O-O exd5 10. Nxd5 Nc6 11. Ne2 Be6 12. Kb1 Bxd5 13. exd5 Na5 14. Nc1 Re8
15. Nb3 Nxb3 16. axb3 a5 17. Bh6 Bh8 18. Ka2 Nd7 19. Bd3 a4 20. Rhe1 a3 21. Kb1
Rxe1 22. Rxe1 axb2 23. Kc2 b1=Q+ 24. Kxb1 Ra1+ 25. Kc2 Ra2+ 26. Kd1 Rxd2+ 27.
Kxd2 Ne5 28. f4 Ng4 29. Bg5 Bf6 30. Bxf6 Qxf6 31. g3 Qb2+ 32. Bc2 Nxh2 0-1

[Event "Campeonato de España por Equip"]
[Site "Burguillos"]
[Date "2009.08.05"]
[Round "1"]
[White "Perez Gonzalez, Jose Manuel"]
[Black "Lara Lopez, Jose"]
[Result "1-0"]
[WhiteElo "2307"]
[BlackElo "2203"]
[PlyCount "105"]
[EventDate "2009.08.05"]
[EventType "team"]
[EventRounds "6"]
[EventCountry "ESP"]
[WhiteTeam "C.A. AMIGOS DEL RETIRO"]
[BlackTeam "C.D. AJEDREZ LAPUERTA"]

1. e4 e6 2. d4 d5 3. Nc3 Bb4 4. e5 c5 5. a3 Bxc3+ 6. bxc3 Qc7 7. Qg4 f5 8. Qh5+
Qf7 9. Qd1 Ne7 10. h4 O-O 11. Nh3 Bd7 12. Be2 Rc8 13. Nf4 cxd4 14. cxd4 Ba4 15.
Ra2 Nd7 16. Rh3 Rc6 17. Rg3 Rac8 18. Bd3 Kh8 19. Bd2 Nf8 20. h5 b6 21. Qb1 a5
22. Rb2 Nd7 23. c3 Kg8 24. Ke2 Kf8 25. Qh1 Ng8 26. Qh4 Qe7 27. Qxe7+ Nxe7 28.
Rb1 Kf7 29. Rh3 Rb8 30. g4 Nf8 31. gxf5 exf5 32. Rg1 Ne6 33. Nxe6 Rxe6 34. Bg5
Bd7 35. Bxe7 Rxe7 36. Rg5 h6 37. Rg1 b5 38. Rb1 Ke8 39. Rf3 Rf7 40. Ke3 Ke7 41.
Kf4 Ke6 42. Rg3 Ke7 43. Rg6 Rc8 44. Bxb5 Bxb5 45. Rxb5 Rxc3 46. Rxa5 Rc2 47. f3
Rh2 48. e6 Rf6 49. Rxg7+ Kf8 50. e7+ Kxg7 51. e8=Q Rf7 52. Ra8 Rh4+ 53. Kg3 1-0

[Event "Campeonato de España por Equip"]
[Site "Burguillos"]
[Date "2009.08.05"]
[Round "1"]
[White "Lara Lopez, Sergio"]
[Black "Fernandez Garcia, Miguel Angel"]
[Result "0-1"]
[WhiteElo "2051"]
[BlackElo "2269"]
[PlyCount "90"]
[EventDate "2009.08.05"]
[EventType "team"]
[EventRounds "6"]
[EventCountry "ESP"]
[WhiteTeam "C.D. AJEDREZ LAPUERTA"]
[BlackTeam "C.A. AMIGOS DEL RETIRO"]

1. e4 c5 2. Nc3 Nc6 3. g3 e5 4. Bg2 d6 5. d3 g6 6. Be3 Bg7 7. Qd2 Be6 8. Nf3 h6
9. O-O Nge7 10. Ne2 f5 11. Ne1 Qd7 12. f4 Nd4 13. c3 Nxe2+ 14. Qxe2 exf4 15.
gxf4 O-O 16. Nf3 Rae8 17. Qd2 b6 18. Qf2 Qd8 19. Qg3 Bf7 20. Nh4 Bf6 21. Bd2
Bxh4 22. Qxh4 Kh7 23. Rae1 d5 24. e5 Be6 25. Kh1 Nc6 26. Qg3 Rg8 27. Bf3 Qd7
28. Qg2 Rd8 29. h4 Qe7 30. Qh2 Rg7 31. Rg1 Rdg8 32. Re2 Nd8 33. Reg2 Nf7 34.
Rg3 h5 35. Be1 Nh6 36. Rg5 Ng4 37. Qe2 Rd8 38. d4 cxd4 39. Bxg4 fxg4 40. Qd3
Bf5 41. Rxf5 gxf5 42. Qxf5+ Kg8 43. Qxh5 Qe6 44. cxd4 Rf8 45. Bd2 Rf5 0-1